000 00366nam a22001577a 4500
999 _c531402
_d531402
003 NUST
005 20191015162534.0
008 191015b ||||| |||| 00| 0 eng d
038 _aMSOHAIL
082 _a0
100 _aSumaira Malik
_95940
245 _aDua aur Barish
260 _aLahore
_bIlm o Irfan Pub.
_c2011
300 _a1158,p;
_c22cm
942 _2ddc
_cBK